[Event "FRA-ch Blitz Online Qual"]
[Site "Europe Echecs INT"]
[Date "2020.05.16"]
[Round "13"]
[White "Perez Marco, Ricardo"]
[Black "Hadida, Simon"]
[Result "1-0"]
[WhiteElo "2064"]
[BlackElo "1900"]
[PlyCount "55"]
[EventDate "2020.05.16"]
[EventType "swiss (blitz)"]
[EventRounds "15"]
[EventCountry "FRA"]
[SourceTitle "CBM 196 Extra"]
[Source "ChessBase"]
[SourceDate "2020.07.31"]
[SourceVersion "1"]
[SourceVersionDate "2020.07.31"]
[SourceQuality "1"]

1. e4 c5 2. Nf3 Nc6 3. d4 cxd4 4. Nxd4 e5 5. Nxc6 bxc6 6. c4 Nf6 7. Nc3 Bb4 8. Bd3 0-0 9. 0-0 Bxc3 10. bxc3 d5 11. cxd5 cxd5 12. exd5 Qxd5 13. Bg5 Bb7 14. f3 Qc5+ 15. Kh1 Qxc3 16. Bxf6 gxf6 17. Qb1 h6 18. Bh7+ Kg7 19. Qxb7 Kxh7 20. Qe4+ Kg7 21. Qg4+ Kh7 22. Qf5+ Kg7 23. Rac1 Qd2 24. Rc4 h5 25. Qxh5 Qh6 26. Rg4+ Kh7 27. Qf5+ Kh8 28. Rg3 1-0

[Event "FRA-ch Blitz Online Qual"]
[Site "Europe Echecs INT"]
[Date "2020.05.16"]
[Round "11"]
[White "Zniber, Reda"]
[Black "Hadida, Simon"]
[Result "1-0"]
[WhiteElo "1986"]
[BlackElo "1900"]
[PlyCount "113"]
[EventDate "2020.05.16"]
[EventType "swiss (blitz)"]
[EventRounds "15"]
[EventCountry "FRA"]
[SourceTitle "CBM 196 Extra"]
[Source "ChessBase"]
[SourceDate "2020.07.31"]
[SourceVersion "1"]
[SourceVersionDate "2020.07.31"]
[SourceQuality "1"]

1. c4 e5 2. g3 Nf6 3. Bg2 d5 4. cxd5 Nxd5 5. Nf3 Nc6 6. 0-0 Be6 7. d4 exd4 8. Nxd4 Nxd4 9. Qxd4 c6 10. Rd1 Qb6 11. Qxb6 Nxb6 12. Nc3 Be7 13. Bf4 0-0 14. Ne4 Bd5 15. Nd6 Bxg2 16. Kxg2 Bxd6 17. Bxd6 Rfe8 18. e3 Nd5 19. Rd2 f6 20. Rad1 Kf7 21. Ba3 b5 22. b3 a5 23. Rc2 Rac8 24. Rdc1 Re6 25. Bc5 b4 26. Bd4 Ke7 27. Rc5 Ra8 28. Rxc6 Rxc6 29. Rxc6 Kd7 30. Rc5 Ne7 31. h4 Nc6 32. Kf3 Re8 33. Bb2 Kd6 34. Rc2 Rc8 35. Rd2+ Ke6 36. Ke2 Ne7 37. e4 Nc6 38. f4 h5 39. Ke3 g6 40. a3 Na7 41. axb4 axb4 42. Bd4 Nb5 43. Rd3 Rc6 44. Kf3 Rc1 45. Be3 Rc3 46. Ke2 Na3 47. Rxc3 bxc3 48. Bc1 Nb5 49. Kd3 Nd6 50. Be3 Nb5 51. Bf2 Nd6 52. Be1 c2 53. Bd2 g5 54. fxg5 fxg5 55. hxg5 Ke5 56. g6 Nxe4 57. g7 1-0